000 00301pam a2200133 a 4500
020 _c
041 _aeng
082 _a530.3
_bPIT
100 _aPitt , V.H .
245 _aDictionary of Physics
_hTextual Documents
260 _aNew York
_bPenguin Books Ltd
_c1984
300 _a428p.
930 _a18541
999 _c95441
_d95441